000 00872nam a22002537a 4500
003 OSt
005 20260430012852.0
008 260430b |||||||| |||| 00| 0 eng d
020 _a978-1-80406-180-0
040 _aDWCL-Main lib.
_cOC
082 _2Second Edition
_aCirc. 624.1 D273l 2022
100 _aDayaratnam, P.
245 _aLimit State Design of Reinforced Concrete Structure/
_cP. Dayaratnam
250 _aSecond Edition
260 _aShelton Street, Covent Garden, London, UK :
_bED- Tech Press,
_cc2022.
300 _aix 540 pages :
_billustrations ;
_c24cm.
504 _aincludes bibliographic references and index
650 _a1. Reinforced Concrete
650 _a2. structural analysis
650 _a3. Structural Engineering
700 _aSarah, P.
700 _dWilkinson, Andy
942 _2ddc
_cBK-CIRC
_eSecond Edition
_hCirc.
_n0
999 _c10055
_d10055